El camarero [juego] /
Guardado en:
| Formato: | Objeto Físico |
|---|---|
| Publicado: |
Argentina :
Maldón,
2011.
|
| Materias: | |
| Etiquetas: |
Agregar Etiqueta
Sin Etiquetas, Sea el primero en etiquetar este registro!
|
| LEADER | 00970nrm a22001575g 4500 | ||
|---|---|---|---|
| 001 | CEM.cems020629 | ||
| 008 | 231113s2011##################0###0#####d | ||
| 005 | 20231113085136.0 | ||
| 245 | 0 | 0 | |a El camarero [juego] / |c Maldón. |
| 260 | |a Argentina : |b Maldón, |c 2011. | ||
| 300 | |a 1 juego(100 tarjetas de pedidos, 20 fichas, 1 timbre) ; en caja 27 x 14 x 4 cm. | ||
| 500 | |a Para 2 a 10 jugadores. Un juego para hacer honor a la memoria prodigiosa de los camareros en todo el mundo ¿Podrás ser un gran camarero?. Entradas, platos principales, guarniciones, postres, bebidas. Deberás recordar todos los pedidos de la mesa y servir los platos que salen de la cocina. Pero estate atento. Si alguien comete un error, podrás salvar el honor de la profesión corrigiendo al distraído. | ||
| 500 | |a Ilustrado por Nacho Rodríguez y diseño gráfico por Christian Argiz. | ||
| 082 | 0 | 4 | |a J793.73 |
| 653 | |a 1. juegos de memoria | ||
| 859 | |a CEMS |b BIB. CEMS - Ludoteca |h J793.7 |i M293-1 |p 507.23 |t Ej.1 | ||
